Improving Mathematics and Science Education (Record no. 352199)
[ view plain ]
| 000 -LEADER | |
|---|---|
| fixed length control field | 00999nam a2200133Ia 4500 |
| 008 - FIXED-LENGTH DATA ELEMENTS--GENERAL INFORMATION | |
| fixed length control field | 171212s9999 xx 000 0 und d |
| 020 ## - INTERNATIONAL STANDARD BOOK NUMBER | |
| International Standard Book Number | 9780833039644 |
| 100 ## - MAIN ENTRY--PERSONAL NAME | |
| Personal name | Le, Vi-Nhuan;Stecher, Brian M.;Lockwood, J. R.;Hamilton, Laura S.;Robyn, Abby;Vi-Nhuan Le, ;Brian M. Stecher, ;J. R. Lockwood, ;Laura S. Hamilton, ;Abby Robyn, |
| 245 ## - TITLE STATEMENT | |
| Statement of responsibility, etc | Le, Vi-Nhuan;Stecher, Brian M.;Lockwood, J. R.;Hamilton, Laura S.;Robyn, Abby;Vi-Nhuan Le, ;Brian M. Stecher, ;J. R. Lockwood, ;Laura S. Hamilton, ;Abby Robyn, |
| Title | Improving Mathematics and Science Education |
| Remainder of title | A Longitudinal Investigation of the Relationship Between Reform-Oriented Instruction and Student Achievement |
| 260 ## - PUBLICATION, DISTRIBUTION, ETC. (IMPRINT) | |
| Name of publisher, distributor, etc | RAND Corporation |
| Date of publication, distribution, etc | 2006 |
| 650 ## - SUBJECT ADDED ENTRY--TOPICAL TERM | |
| Topical term or geographic name as entry element | Education |
| 650 ## - SUBJECT ADDED ENTRY--TOPICAL TERM | |
| Topical term or geographic name as entry element | Mathematics -- Study and teaching (Elementary) -- United States; Science -- Study and teaching (Elementary) -- United States; Education -- Aims and objectives -- United States; Academic achievement -- United States |
| 856 ## - ELECTRONIC LOCATION AND ACCESS | |
| Uniform Resource Identifier | <a href="www.jstor.org/stable/10.7249/mg480nsf">www.jstor.org/stable/10.7249/mg480nsf</a> |
| Withdrawn status | Lost status | Damaged status | Home library | Current library | Date acquired | Total Checkouts | Full call number | Date last seen | Price effective from | Koha item type |
|---|---|---|---|---|---|---|---|---|---|---|
| College Library | College Library | 12/12/2017 | QA135.6.I47 2006 | 12/12/2017 | 12/12/2017 | Curriculum - Based eBooks |